000 00531nam a2200169Ia 4500
999 _c21364
_d21364
003 OSt
005 20200606113015.0
008 190216s9999||||xx |||||||||||||| ||und||
020 _a9788178242569
040 _coclc
082 _a322.10954
_bNEE/C
100 _aNeedham, Anuradha Dingwaney
_92584
245 4 _aThe Crisis Of Secularism In India /
_cAnuradha Dingwaney Needham
260 _bPermanent Black Pub,
_c2009.
_aRanikhet:
300 _a411p
942 _cBK
_2ddc
_h322.10954
_iNEE/C
_k322.10954
_mNEE/C